Aller au contenu

Проектирование фундаментов в особых грунтовых условиях

Приведены методы расчёта и проектирования фундаментов на просадочных грунтах. Рассмотрены мероприятия, направленные на устранение и снижение просадочных свойств. Предназначено для обучающихся по направлениям подготовки: 08.03.01 и 08.04.01 «Строительство» (профиль подготовки «Промышленное и гражданс...

Description complète

Enregistré dans:
Détails bibliographiques
Auteur principal: Антонов В. М.
Autres auteurs: Леденев В. В.
Format: Книга
Langue:Russian
Publié: Тамбов ТГТУ 2020
Accès en ligne:https://e.lanbook.com/book/320315
https://e.lanbook.com/img/cover/book/320315.jpg
Tags: Ajouter un tag
Pas de tags, Soyez le premier à ajouter un tag!
LEADER 02482nam0a2200301 i 4500
001 320315
003 RuSpLAN
005 20240216150941.0
008 240216s2020 ru gs 000 0 rus
020 |a 978-5-8265-2233-2 
040 |a RuSpLAN 
041 0 |a rus 
044 |a ru 
080 |a 624.15(075.8) 
084 |a Н58я73  |2 rubbk 
245 0 0 |a Проектирование фундаментов в особых грунтовых условиях  |c Антонов В. М.,Леденев В. В. 
260 |a Тамбов  |b ТГТУ  |c 2020 
300 |a 161 с. 
500 |a Утверждено Учёным советом университета в качестве учебного пособия для обучающихся по направлениям подготовки: 08.03.01 и 08.04.01 «Строительство» (профиль подготовки «Промышленное и гражданское строительство») и программам магистратуры «Теория и проектирование зданий и сооружений», «Промышленное и гражданское строительство» 
504 |a Библиогр.: доступна в карточке книги, на сайте ЭБС Лань 
520 8 |a Приведены методы расчёта и проектирования фундаментов на просадочных грунтах. Рассмотрены мероприятия, направленные на устранение и снижение просадочных свойств. Предназначено для обучающихся по направлениям подготовки: 08.03.01 и 08.04.01 «Строительство» (профиль подготовки «Промышленное и гражданское строительство») и программам магистратуры «Теория и проектирование зданий и сооружений», «Промышленное и гражданское строительство». 
521 8 |a Книга из коллекции ТГТУ - Инженерно-технические науки 
521 8 |a СЭБ 
100 1 |a Антонов В. М. 
700 1 |a Леденев В. В. 
856 4 |u https://e.lanbook.com/book/320315 
856 4 8 |u https://e.lanbook.com/img/cover/book/320315.jpg 
953 |a https://e.lanbook.com/img/cover/book/320315.jpg